Dubliners/ (Record no. 189465)

MARC details
000 -LEADER
fixed length control field 00565nam a22001937a 4500
005 - DATE AND TIME OF LATEST TRANSACTION
control field 20220808125217.0
010 ## - LCCN (DPL NO)
LC control number B-745358-360
020 ## - INTERNATIONAL STANDARD BOOK NUMBER
International Standard Book Number 9780007449408
Terms of availability 250.00
035 ## - SYSTEM CONTROL NUMBER
System control number B-745358-360
037 ## - SOURCE OF ACQUISITION
Source of stock number/acquisition Collins Classics
082 ## - DEWEY DECIMAL CLASSIFICATION NUMBER
Classification number N
100 ## - MAIN ENTRY--PERSONAL NAME
Personal name Joyce James
245 ## - TITLE STATEMENT
Title Dubliners/
Statement of responsibility, etc by James Joyce
260 ## - PUBLICATION, DISTRIBUTION, ETC. (IMPRINT)
Place of publication, distribution, etc New Delhi
Name of publisher, distributor, etc Collins Classics
Date of publication, distribution, etc 2011
270 ## - ADDRESS
Address 77-85 Fulham Place Road Hammersmith
City London
Postal code W6 8JB
300 ## - PHYSICAL DESCRIPTION
Extent ix. 242p.
Dimensions 18c.m (Pb)
942 ## - ADDED ENTRY ELEMENTS (KOHA)
Source of classification or shelving scheme Dewey Decimal Classification
Item type English Books
Call number suffix JOY
Classification part N
Holdings
Withdrawn status Lost status Not for loan Collection code Home library Current library Date acquired Source of acquisition Cost, normal purchase price Full call number Barcode Copy number Cost, replacement price Koha item type
      Fiction Ashok Vihar Ashok Vihar 08/08/2022 Gift/08.08.2022 250.00 N JOY B-745359 1 250.00 English Books
      Fiction Central Library Central Library 08/08/2022 Gift/08.08.2022 250.00 N JOY B-745358 1 250.00 English Books
      Fiction Sarojini Nagar Sarojini Nagar 08/08/2022 Gift/08.08.2022 250.00 N JOY B-745360 1 250.00 English Books

© Delhi Public Library
Hit Counter
free hit counter